[Event "FIDE World Rapid Team"]
[Site "Almaty KAZ"]
[Date "2024.08.04"]
[Round "12.41"]
[White "Samaganova, Aleksandra"]
[Black "Balabayeva, Xeniya"]
[Result "0-1"]
[WhiteTitle "WFM"]
[BlackTitle "WIM"]
[WhiteElo "1948"]
[BlackElo "2335"]
[WhiteTeam "Kyrgyz Chess Academy"]
[BlackTeam "Teniz Kazakhstan"]
[WhiteFideId "13800221"]
[BlackFideId "13719688"]
[EventDate "2024.08.02"]

1. c4 e6 2. Nc3 d5 3. e3 Nf6 4. Nf3 Be7 5. d4 O-O 6. cxd5 exd5 7. Qc2 c5 8. Be2
Nc6 9. dxc5 Bxc5 10. a3 Qe7 11. O-O Rd8 12. b4 Bb6 13. Rd1 Bg4 14. Nd4 Rac8 15.
Bxg4 Nxg4 16. Qd2 Nxd4 17. exd4 Qh4 18. h3 Nxf2 19. Qxf2 Qxf2+ 20. Kxf2 Rxc3 21.
Bf4 Re8 22. Rd2 Re4 23. Bb8 Rc8 24. Bd6 Bxd4+ 25. Rxd4 Rxd4 26. Bc5 Rd2+ 27. Ke3
Rxg2 28. Bxa7 Rc4 29. Rd1 Rg3+ 30. Kf2 Rxh3 31. Rxd5 Rc2+ 32. Kg1 h6 33. a4 Ra3
34. Rd1 Rxa4 35. Bc5 b6 36. Bxb6 Rxb4 37. Be3 Re4 38. Bb6 Rec4 39. Rd8+ Kh7 40.
Rd7 Rb2 41. Bf2 Rg4+ 42. Kf1 Rf4 0-1

[Event "FIDE World Rapid Team"]
[Site "Almaty KAZ"]
[Date "2024.08.04"]
[Round "12.42"]
[White "Fedorov, Grigory"]
[Black "Tynybekov, Bakyt"]
[Result "1-0"]
[WhiteElo "1904"]
[BlackElo "1795"]
[WhiteTeam "Teniz Kazakhstan"]
[BlackTeam "Kyrgyz Chess Academy"]
[WhiteFideId "4123530"]
[BlackFideId "13803360"]
[EventDate "2024.08.02"]

1. e4 e6 2. d4 d5 3. e5 c5 4. c3 Qb6 5. Nf3 Nc6 6. Bd3 Bd7 7. dxc5 Bxc5 8. O-O
a5 9. Nbd2 a4 10. b4 axb3 11. Nxb3 Nge7 12. Nxc5 Qxc5 13. Be3 Qxc3 14. Rc1 Qa5
15. Bc5 Ng6 16. Re1 Qa4 17. Bc2 Qg4 18. h3 Qh5 19. Bd6 Nf4 20. Rb1 g5 21. Rxb7
g4 22. hxg4 Qxg4 23. g3 Rg8 24. Nh2 Qxd1 25. Rxd1 Na5 26. Rb4 Nc4 27. Bxh7 Rg7
28. Bb1 Ba4 29. Re1 Nxd6 30. exd6 Kd7 31. Rxf4 Kxd6 32. Ng4 f5 33. Ne5 Rb8 34.
Rxa4 Rh7 35. Ra6+ Kc5 36. Rc1+ Kb5 37. Bd3+ Kb4 38. Nc6# 1-0

[Event "FIDE World Rapid Team"]
[Site "Almaty KAZ"]
[Date "2024.08.04"]
[Round "12.43"]
[White "Orozbaev, Eldiyar"]
[Black "Williams, Justus"]
[Result "0-1"]
[WhiteTitle "FM"]
[BlackTitle "IM"]
[WhiteElo "2376"]
[BlackElo "2361"]
[WhiteTeam "Noval Group Kyrgystan"]
[BlackTeam "Kazakhstan dream team"]
[WhiteFideId "13802240"]
[BlackFideId "2049929"]
[EventDate "2024.08.02"]

1. e4 c5 2. c3 d5 3. exd5 Qxd5 4. d4 Nf6 5. Nf3 e6 6. Na3 Nc6 7. Be3 cxd4 8. Nb5
Qd7 9. Nbxd4 a6 10. Nxc6 Qxc6 11. Ne5 Qc7 12. Qa4+ Nd7 13. Nf3 Bc5 14. Bxc5 Qxc5
15. Qd4 Qxd4 16. Nxd4 Nc5 17. Be2 Bd7 18. O-O-O Ke7 19. Bf3 Rab8 20. Rhe1 g6 21.
b3 Rhc8 22. Kb2 f6 23. h4 e5 24. Nc2 Bf5 25. Nb4 h5 26. Be2 Ne4 27. Nd5+ Kf7 28.
f3 Ng3 29. Ne3 Rd8 30. Bc4+ Be6 31. Bxe6+ Kxe6 32. c4 Rbc8 33. Nd5 Nf5 34. f4 b5
35. Nc7+ Ke7 36. Rxd8 Rxd8 37. cxb5 axb5 38. Nxb5 Rd2+ 39. Kb1 Nxh4 40. fxe5 f5
41. a4 Nxg2 42. Rc1 f4 43. Nc3 f3 44. a5 f2 45. Ne4 Re2 46. Nxf2 Rxf2 47. a6 Rf8
48. Rc7+ Ke6 49. Rc6+ Kxe5 50. Rxg6 Nf4 51. Rh6 Kf5 52. a7 Ra8 53. Ra6 h4 54.
Kc2 h3 55. b4 Nd5 56. Kb3 Nc7 57. Ra1 Nb5 58. Kc4 Nxa7 59. Kd3 Kg4 60. Ke2 Re8+
61. Kf2 Nb5 62. Ra6 h2 63. Kg2 Re2+ 64. Kh1 Nd4 65. Rg6+ Kf4 66. Rf6+ Nf5 67.
Rf8 Kg3 68. Rg8+ Kh3 69. Rh8+ Nh4 70. b5 Re1# 0-1

[Event "FIDE World Rapid Team"]
[Site "Almaty KAZ"]
[Date "2024.08.04"]
[Round "12.44"]
[White "Ishmukhametov, Adil"]
[Black "Zhakshylykov, Erzhan"]
[Result "1/2-1/2"]
[BlackTitle "FM"]
[WhiteElo "2077"]
[BlackElo "2327"]
[WhiteTeam "Kazakhstan dream team"]
[BlackTeam "Noval Group Kyrgystan"]
[WhiteFideId "13700170"]
[BlackFideId "13804111"]
[EventDate "2024.08.02"]

1. e4 c5 2. c4 Nc6 3. Nc3 g6 4. g3 Bg7 5. Bg2 d6 6. Nge2 e6 7. Rb1 Nge7 8. O-O
O-O 9. h3 a6 10. a3 b5 11. cxb5 axb5 12. Nxb5 Ba6 13. a4 Rb8 14. Nec3 Nd4 15. d3
Nxb5 16. axb5 Bxb5 17. Nxb5 Rxb5 18. f4 Qb6 19. Qe2 c4+ 20. Kh2 cxd3 21. Qxd3
Rb3 22. Qe2 Nc6 23. Qf2 Rb8 24. Qxb6 R8xb6 25. Rd1 Nd4 26. Ra1 Rb8 27. Ra6 Nb5
28. f5 Be5 29. Bf4 Bxf4 30. gxf4 Rxb2 31. fxe6 fxe6 32. e5 dxe5 33. fxe5 Rf8 34.
Kg3 Nc3 35. Rd7 Ne2+ 36. Kh2 Nf4 37. Raa7 Nh5 38. Kg1 Rb1+ 39. Kh2 Rb2 40. Kg1
Re2 41. Rxh7 Rxe5 42. Rhe7 Re1+ 43. Kh2 Re2 44. Kg1 Re1+ 45. Kh2 Re2 1/2-1/2

[Event "FIDE World Rapid Team"]
[Site "Almaty KAZ"]
[Date "2024.08.04"]
[Round "12.45"]
[White "Sharshenbekov, Emir"]
[Black "Zhunusov, Nurlan"]
[Result "1-0"]
[WhiteTitle "CM"]
[WhiteElo "2078"]
[BlackElo "1771"]
[WhiteTeam "Noval Group Kyrgystan"]
[BlackTeam "Kazakhstan dream team"]
[WhiteFideId "13810634"]
[BlackFideId "13708872"]
[EventDate "2024.08.02"]

1. e4 e5 2. Nf3 Nc6 3. Nc3 Nf6 4. Bb5 Bb4 5. O-O Bxc3 6. bxc3 O-O 7. d3 d6 8.
Bg5 Ne7 9. Bxf6 gxf6 10. Nh4 Ng6 11. Nxg6 fxg6 12. f4 Be6 13. Qd2 Qe7 14. Ba4
Kh8 15. Bb3 Rae8 16. Rf3 c6 17. Raf1 Bxb3 18. cxb3 Kg7 19. Qf2 b6 20. h4 d5 21.
f5 dxe4 22. dxe4 Rd8 23. Rg3 Qc5 24. Qxc5 bxc5 25. Rf2 Rd1+ 26. Kh2 Rd6 27. Kh3
Rfd8 28. fxg6 hxg6 29. h5 g5 30. Kg4 Rd3 31. Rxd3 Rxd3 32. Kf5 Kf7 33. h6 Rd1
34. h7 Rh1 35. Rd2 Rf1+ 36. Kg4 Rf4+ 37. Kg3 Kg7 38. Rd7+ Kh8 39. Rxa7 Rxe4 40.
Rf7 1-0

[Event "FIDE World Rapid Team"]
[Site "Almaty KAZ"]
[Date "2024.08.04"]
[Round "12.46"]
[White "Sakenov, Askar"]
[Black "Iunusov, Nuriddin"]
[Result "0-1"]
[BlackTitle "CM"]
[WhiteElo "1715"]
[BlackElo "1925"]
[WhiteTeam "Kazakhstan dream team"]
[BlackTeam "Noval Group Kyrgystan"]
[WhiteFideId "13713655"]
[BlackFideId "13803026"]
[EventDate "2024.08.02"]

1. e4 e5 2. Nf3 Nc6 3. d4 exd4 4. Nxd4 Qh4 5. Nc3 Bb4 6. Nb5 Ba5 7. Be2 a6 8.
Nd4 Qxe4 9. Nxc6 dxc6 10. O-O Bxc3 11. bxc3 Qd5 12. Bd3 Be6 13. Rb1 O-O-O 14.
Qe2 Qa5 15. Bd2 Nf6 16. c4 Qh5 17. Qe3 Ng4 18. Qg3 Bf5 19. h3 Nf6 20. Bf4 Bxd3
21. cxd3 Rd7 22. Qxg7 Qg6 23. Qxg6 fxg6 24. Be5 Rf8 25. d4 Ne8 26. c5 Nf6 27.
Rb3 Nd5 28. Rfb1 b6 29. cxb6 cxb6 30. a4 Kb7 31. a5 b5 32. Rc1 Rdf7 33. Rb2 Re8
34. Rbc2 Re6 35. Rb2 g5 36. Rbc2 Rd7 37. Rb1 Nf4 38. Rb3 Ng6 39. Re3 Nxe5 40.
dxe5 Rd5 41. Rce2 c5 42. g3 Rd4 43. Kg2 Kc6 44. f3 Kd5 45. Kf2 c4 46. Ke1 b4 47.
Rb2 b3 48. Rbe2 Kc5 49. Re4 Rxe4 50. Rxe4 Kd5 51. Kd2 Rxe5 52. Rxe5+ Kxe5 53.
Kc3 h5 54. h4 gxh4 55. gxh4 Kf4 0-1

[Event "FIDE World Rapid Team"]
[Site "Almaty KAZ"]
[Date "2024.08.04"]
[Round "12.47"]
[White "Lesbekova, Assel"]
[Black "Bakyt, Ansar"]
[Result "1-0"]
[WhiteTitle "WCM"]
[WhiteElo "1903"]
[BlackElo "1488"]
[WhiteTeam "Noval Group Kyrgystan"]
[BlackTeam "Kazakhstan dream team"]
[WhiteFideId "13713248"]
[BlackFideId "447024933"]
[EventDate "2024.08.02"]

1. e4 d5 2. exd5 Qxd5 3. Nc3 Qa5 4. Nf3 Bg4 5. h3 Bh5 6. d4 Nf6 7. Be2 Nc6 8.
Bb5 O-O-O 9. Bxc6 bxc6 10. g4 Bg6 11. Ne5 e6 12. Nxc6 Qb6 13. Nxd8 Kxd8 14. d5
exd5 15. Nxd5 Qa5+ 16. Nc3+ Kc8 17. Be3 Bb4 18. O-O Bxc3 19. bxc3 Ne4 20. c4 Qe5
21. Qd5 Qxd5 22. cxd5 Nf6 23. c4 Kb8 24. Rac1 Re8 25. Rc3 Rd8 26. Rb3+ Ka8 27.
Ra3 Kb8 28. Bxa7+ Kc8 29. Bd4 Kb7 30. Bxf6 gxf6 31. Re1 Rd7 32. Ree3 Kb6 33. f4
f5 34. Rab3+ Kc5 35. a4 fxg4 36. hxg4 Bc2 37. Ra3 Kb4 38. a5 Rd6 39. a6 Ba4 40.
a7 Ra6 41. Reb3+ Kxc4 42. Rb7 Kxd5 43. Rxc7 f6 44. Rxh7 Kc6 45. Rf7 Kb5 46. Kf2
Kb4 47. Ra1 Kc5 48. Kg3 Kb4 49. Rb1+ Kc5 50. Rb8 Bc6 51. Rc7 Kd6 52. Rxc6+ Kxc6
53. a8=Q+ Rxa8 54. Rxa8 Kd6 55. Re8 Kd7 56. Re1 Kd6 57. g5 fxg5 58. fxg5 Kd7 59.
g6 Kd6 60. g7 Kd7 61. g8=Q Kc6 62. Rc1+ Kb5 63. Qb3+ Ka6 64. Ra1# 1-0

[Event "FIDE World Rapid Team"]
[Site "Almaty KAZ"]
[Date "2024.08.04"]
[Round "12.48"]
[White "Aitmukhanova, Dinara"]
[Black "Nurdin Uulu, Sardarbek"]
[Result "0-1"]
[WhiteElo "1611"]
[BlackElo "1908"]
[WhiteTeam "Kazakhstan dream team"]
[BlackTeam "Noval Group Kyrgystan"]
[WhiteFideId "13726722"]
[BlackFideId "13800183"]
[EventDate "2024.08.02"]

1. e4 e5 2. Nf3 Nf6 3. Nc3 Nc6 4. Bc4 h6 5. O-O Bb4 6. d3 O-O 7. Bd2 Re8 8. a3
Bf8 9. Nd5 d6 10. h3 a6 11. Ba2 Nb8 12. c4 c6 13. Ne3 g6 14. Nh2 Bg7 15. Kh1 Nh5
16. Neg4 Kh7 17. Qf3 f5 18. exf5 Bxf5 19. Rae1 Rf8 20. Qe2 Nd7 21. f4 Ng3+ 0-1

[Event "FIDE World Rapid Team"]
[Site "Almaty KAZ"]
[Date "2024.08.04"]
[Round "12.1"]
[White "Khusnutdinov, Rustam"]
[Black "Utegaliyev, Azamat"]
[Result "0-1"]
[WhiteTitle "GM"]
[WhiteElo "2429"]
[BlackElo "2418"]
[WhiteTeam "Helicopter"]
[BlackTeam "Greco"]
[WhiteFideId "13701703"]
[BlackFideId "13702467"]
[EventDate "2024.08.02"]

1. e4 d5 2. exd5 Qxd5 3. Nc3 Qd8 4. d4 g6 5. Bf4 Bg7 6. Nf3 Nf6 7. Qd2 O-O 8.
Bh6 Bg4 9. Ne5 Bxh6 10. Qxh6 Qxd4 11. Nd3 Nc6 12. h3 Bf5 13. O-O-O Bxd3 14. Bxd3
Qxf2 15. Qg5 Nb4 16. Kb1 Nxd3 17. Rxd3 Rad8 18. Rf3 Qd2 19. Qg3 Ne4 0-1

[Event "FIDE World Rapid Team"]
[Site "Almaty KAZ"]
[Date "2024.08.04"]
[Round "12.2"]
[White "Aligozhin, Zhaslan"]
[Black "Gubaydulin, Talgat"]
[Result "1/2-1/2"]
[WhiteTitle "FM"]
[BlackTitle "IM"]
[WhiteElo "2333"]
[BlackElo "2385"]
[WhiteTeam "Greco"]
[BlackTeam "Helicopter"]
[WhiteFideId "13702734"]
[BlackFideId "14202174"]
[EventDate "2024.08.02"]

1. e4 c5 2. c3 Nf6 3. e5 Nd5 4. Nf3 e6 5. d4 cxd4 6. cxd4 d6 7. a3 Nc6 8. Bd3
Be7 9. O-O O-O 10. Qe2 Qb6 11. Rd1 Bd7 12. Nc3 Nxc3 13. bxc3 dxe5 14. dxe5 Rfd8
15. h4 Be8 16. h5 Qa5 17. Rb1 Rd7 18. Rb5 Qc7 1/2-1/2

[Event "FIDE World Rapid Team"]
[Site "Almaty KAZ"]
[Date "2024.08.04"]
[Round "12.3"]
[White "Rodionov, Adil"]
[Black "Askarov, Bakhtiyar"]
[Result "0-1"]
[BlackTitle "IM"]
[WhiteElo "2353"]
[BlackElo "2280"]
[WhiteTeam "Helicopter"]
[BlackTeam "Greco"]
[WhiteFideId "13701266"]
[BlackFideId "13701100"]
[EventDate "2024.08.02"]

1. e4 c5 2. Nf3 e6 3. Nc3 a6 4. d4 cxd4 5. Nxd4 Qc7 6. g3 Nf6 7. Bg2 Be7 8. O-O
O-O 9. a4 Nc6 10. Be3 Na5 11. Nce2 Rb8 12. b3 b6 13. e5 Ng4 14. Bf4 Nxe5 15. c4
f6 16. Re1 Bb7 17. Rc1 Bc5 18. Qd2 Bxg2 19. Kxg2 Qb7+ 20. Kg1 Nxb3 0-1

[Event "FIDE World Rapid Team"]
[Site "Almaty KAZ"]
[Date "2024.08.04"]
[Round "12.4"]
[White "Suleyev, Alen"]
[Black "Primbetov, Kazbek"]
[Result "1/2-1/2"]
[WhiteTitle "FM"]
[BlackTitle "FM"]
[WhiteElo "2084"]
[BlackElo "2059"]
[WhiteTeam "Greco"]
[BlackTeam "Helicopter"]
[WhiteFideId "13707213"]
[BlackFideId "13702297"]
[EventDate "2024.08.02"]

1. d4 g6 2. c4 Bg7 3. Nc3 d6 4. Nf3 Nc6 5. d5 Nb8 6. e4 Nf6 7. Bd3 O-O 8. O-O e5
9. dxe6 Bxe6 10. Bg5 h6 11. Bh4 Nc6 12. Rc1 g5 13. Bg3 Nh5 14. b3 Nxg3 15. hxg3
Bg4 16. Be2 Re8 17. Nd2 1/2-1/2

[Event "FIDE World Rapid Team"]
[Site "Almaty KAZ"]
[Date "2024.08.04"]
[Round "12.5"]
[White "Kovanova, Mariya"]
[Black "Nasybullina, Alfia"]
[Result "1/2-1/2"]
[WhiteTitle "WFM"]
[BlackTitle "WIM"]
[WhiteElo "2118"]
[BlackElo "2034"]
[WhiteTeam "Helicopter"]
[BlackTeam "Greco"]
[WhiteFideId "13704818"]
[BlackFideId "4132416"]
[EventDate "2024.08.02"]

1. e4 d5 2. Nc3 c6 3. Nf3 dxe4 4. Nxe4 Bf5 5. Ng3 Bg4 6. h3 Bxf3 7. Qxf3 Nf6 8.
Bc4 Nbd7 9. O-O Ne5 10. Qe2 Nxc4 11. Qxc4 e6 12. d3 Bd6 13. Ne4 O-O 14. Bg5 Be7
15. Nxf6+ Bxf6 16. Bxf6 Qxf6 17. Qb4 b6 18. Rae1 c5 19. Qa3 Rfd8 20. Re3 Rd4 21.
Qa6 Rd7 22. Qb5 Rad8 23. Rfe1 h6 24. Rf3 Qe7 25. Ree3 Rd4 26. Qc6 Rb4 27. b3
Rbd4 28. Rg3 R4d5 29. Qa4 Rd4 30. Qc6 Rf4 31. Rgf3 Rh4 32. Rg3 Qd7 33. Qxd7 Rxd7
34. Kf1 a5 35. Ke2 a4 36. Rg4 axb3 37. axb3 Rxg4 38. hxg4 Kf8 39. f3 Ra7 40. Kd2
Ke7 41. Kc3 Kd6 42. g3 Ra1 43. f4 Rc1 44. Kd2 Rg1 45. c4 g5 46. f5 e5 47. Kc3 f6
48. b4 cxb4+ 49. Kxb4 Rb1+ 50. Kc3 Kc5 51. Rf3 Re1 52. Kd2 Ra1 53. Kc3 Ra3+ 54.
Kb2 Ra8 55. Kc3 Rd8 56. Rf2 Rd4 57. Rh2 e4 58. dxe4 Rxe4 59. Rxh6 Rxc4+ 60. Kb3
Rxg4 61. Rxf6 Rxg3+ 62. Kc2 Rf3 63. Kd2 b5 64. Rf8 Kb4 65. f6 g4 66. f7 Rf5 67.
Ke3 1/2-1/2

[Event "FIDE World Rapid Team"]
[Site "Almaty KAZ"]
[Date "2024.08.04"]
[Round "12.7"]
[White "Wageih, Kareim"]
[Black "Kazakov, Konstantin"]
[Result "0-1"]
[WhiteTitle "IM"]
[BlackTitle "IM"]
[WhiteElo "2402"]
[BlackElo "2333"]
[WhiteTeam "Egypt"]
[BlackTeam "Storm of Dragons"]
[WhiteFideId "10604561"]
[BlackFideId "13700898"]
[EventDate "2024.08.02"]

1. d4 f5 2. c4 Nf6 3. Nc3 g6 4. g3 Bg7 5. Bg2 O-O 6. Nh3 d6 7. d5 c6 8. O-O e5
9. dxe6 Bxe6 10. Qb3 Qc7 11. Ng5 Re8 12. Bf4 Na6 13. Rad1 Rad8 14. Nxe6 Rxe6 15.
Rd2 Qe7 16. Qa3 Nh5 17. Bf3 Nxf4 18. gxf4 g5 19. Kh1 Rh6 20. e3 gxf4 21. Rg1 Qh4
22. Rg2 Qh3 23. Qa5 Rf8 24. Ne2 Qxf3 25. Nxf4 Kh8 26. b4 Be5 27. b5 Rg8 28. Kg1
Rxg2+ 29. Nxg2 Rg6 0-1

[Event "FIDE World Rapid Team"]
[Site "Almaty KAZ"]
[Date "2024.08.04"]
[Round "12.8"]
[White "Isaev, Anton"]
[Black "Wafa, Hamed"]
[Result "0-1"]
[BlackTitle "IM"]
[WhiteElo "2156"]
[BlackElo "2345"]
[WhiteTeam "Storm of Dragons"]
[BlackTeam "Egypt"]
[WhiteFideId "24185132"]
[BlackFideId "10628452"]
[EventDate "2024.08.02"]

1. e4 c5 2. Nf3 d6 3. d4 cxd4 4. Nxd4 Nf6 5. Nc3 Nc6 6. Bg5 e6 7. Qd2 a6 8. f3
Bd7 9. Nb3 Be7 10. h4 h6 11. Be3 h5 12. O-O-O b5 13. Bf4 Ne5 14. Kb1 b4 15. Ne2
a5 16. Ned4 a4 17. Nc1 Qb6 18. Be3 Qb7 19. Qe2 O-O 20. Bg5 a3 21. b3 Rac8 22.
Nd3 Nxd3 23. Qxd3 Rc3 24. Qd2 Rfc8 25. Bd3 e5 26. Ne2 R3c5 27. Rc1 d5 28. Bxf6
Bxf6 29. c4 bxc3 30. Qc2 d4 31. Rcg1 Bb5 32. Nc1 Bxd3 33. Nxd3 Rb5 34. g4 hxg4
35. Rxg4 Kf8 36. h5 Ke7 37. Rh2 Rh8 38. Qc1 Rh6 39. Qxa3+ Ke8 40. Rgg2 Rb6 41.
Qc1 Qa6 42. Qc2 Re6 43. Kc1 Ke7 44. Kd1 Qa8 45. Rh1 Qh8 46. Rgh2 Bg5 47. a4 Qa8
48. Ke2 Rhf6 49. Rh3 Bh6 50. b4 Qc6 51. Rb1 g6 52. b5 Qc4 53. Rb4 Qc8 54. a5
gxh5 55. Rxh5 Rg6 56. Rh2 Qg8 57. Rf2 Rg2 58. Rb1 Be3 59. Rf1 Qg3 60. Qb3 Rf6
61. Qb4+ Ke8 62. f4 Bxf2 63. Rxf2 Qe3+ 64. Kf1 Qxd3+ 65. Kxg2 Rg6+ 66. Kh1 Qh3+
67. Rh2 Qf1# 0-1

[Event "FIDE World Rapid Team"]
[Site "Almaty KAZ"]
[Date "2024.08.04"]
[Round "12.9"]
[White "Hassan, Sayed Barakat"]
[Black "Dosmukhambetov, Arystan"]
[Result "1/2-1/2"]
[WhiteTitle "IM"]
[WhiteElo "2279"]
[BlackElo "1976"]
[WhiteTeam "Egypt"]
[BlackTeam "Storm of Dragons"]
[WhiteFideId "10600299"]
[BlackFideId "13742418"]
[EventDate "2024.08.02"]

1. e4 c5 2. Nc3 Nc6 3. Bb5 Nd4 4. Nf3 e6 5. O-O a6 6. Bd3 Nc6 7. b3 d6 8. Bb2
Nf6 9. Re1 g6 10. Bf1 e5 11. Nd5 Bg7 12. Nxf6+ Qxf6 13. c3 O-O 14. h3 Qe7 15. d4
Bd7 16. Bc4 Rac8 17. Qd2 h6 18. Rad1 Rfd8 19. Bd5 b5 20. Re3 Kh7 21. dxc5 dxc5
22. Rd3 Be8 23. Bxc6 Rxd3 24. Qxd3 Bxc6 25. Qe3 c4 26. Ne1 Bf6 27. Nc2 Rd8 28.
Rxd8 Qxd8 29. Nb4 1/2-1/2

[Event "FIDE World Rapid Team"]
[Site "Almaty KAZ"]
[Date "2024.08.04"]
[Round "12.10"]
[White "Akhmet, Suleyman"]
[Black "Sameh Mohamed, Abdalrahman"]
[Result "0-1"]
[WhiteElo "1730"]
[BlackElo "2259"]
[WhiteTeam "Storm of Dragons"]
[BlackTeam "Egypt"]
[WhiteFideId "13752111"]
[BlackFideId "54262674"]
[EventDate "2024.08.02"]

1. d4 d5 2. c4 c6 3. cxd5 cxd5 4. Nc3 Nf6 5. Bf4 Nc6 6. e3 a6 7. Be2 Bf5 8. Nf3
e6 9. Qb3 Bb4 10. Rc1 Ne4 11. O-O Bxc3 12. bxc3 Na5 13. Qb4 Rc8 14. Ne5 f6 15.
Nd3 b5 16. Rfd1 Rc4 17. Qa3 Ra4 18. Qb2 Nc4 19. Qb3 Qa5 20. f3 Ra3 21. fxe4 Rxb3
22. axb3 dxe4 23. Nb4 Nb2 24. Ra1 Qd8 25. Rd2 Nd3 26. Nxa6 Nxf4 27. exf4 O-O 28.
Bxb5 Qb6 29. Bc4 Ra8 30. Ra4 Kf7 31. Rb4 Qd6 32. d5 Qxf4 33. dxe6+ Kg6 34. Rf2
Qc1+ 35. Rf1 Qxc3 36. Rb7 Qd4+ 37. Kh1 Bxe6 38. Bxe6 Rxa6 39. Bf5+ Kh6 40. h4 g6
41. Bg4 e3 42. Bf3 Qxh4+ 43. Kg1 Re6 44. Be2 f5 45. Rd7 Kg5 46. Rd3 Qg3 47. Rdd1
h5 48. Rf3 Qe5 49. Re1 Qc3 50. Ref1 Qxb3 51. Rg3+ Kh6 52. Rd1 Qc2 53. Kf1 Re4
54. Rd6 Qb1+ 55. Rd1 Qb8 56. Rh3 Rf4+ 57. Kg1 Qb2 58. Ra1 0-1

[Event "FIDE World Rapid Team"]
[Site "Almaty KAZ"]
[Date "2024.08.04"]
[Round "12.11"]
[White "Wafa, Shrook"]
[Black "Kim, Kristina"]
[Result "0-1"]
[WhiteTitle "WGM"]
[BlackTitle "WCM"]
[WhiteElo "2137"]
[BlackElo "1943"]
[WhiteTeam "Egypt"]
[BlackTeam "Storm of Dragons"]
[WhiteFideId "10609970"]
[BlackFideId "13712438"]
[EventDate "2024.08.02"]

1. e4 c5 2. Nf3 e6 3. Nc3 Nc6 4. g3 Nf6 5. Bg2 d5 6. exd5 Nxd5 7. Nxd5 exd5 8.
d4 cxd4 9. Nxd4 Bc5 10. Nb3 Qe7+ 11. Kf1 Be6 12. Bg5 Qxg5 13. Nxc5 O-O 14. h4
Qe7 15. Nd3 Rfd8 16. Kg1 d4 17. Kh2 Bd5 18. Re1 Qf6 19. Qg4 Bxg2 20. Kxg2 h6 21.
Re4 Re8 22. Rae1 Rxe4 23. Rxe4 Rd8 24. Nf4 Ne5 25. Qe2 Qc6 26. Kg1 f6 27. Nd3
Rc8 28. Nxe5 fxe5 29. Rxe5 Qxc2 30. Qg4 Qc1+ 31. Kh2 Rf8 32. Qxd4 Qf1 33. Qd5+
Kh8 34. Rf5 Rxf5 35. Qxf5 Qe2 36. Qc8+ Kh7 37. Qxb7 Qxf2+ 38. Qg2 Qd4 39. Qc2+
Kh8 40. a3 a5 41. Kg2 a4 42. Qc3 Qd1 43. Kf2 Kg8 44. Ke3 Kf7 45. Ke4 Kg6 0-1

[Event "FIDE World Rapid Team"]
[Site "Almaty KAZ"]
[Date "2024.08.04"]
[Round "12.12"]
[White "Kertaev, Natan"]
[Black "Allam, Yara"]
[Result "1-0"]
[BlackTitle "WCM"]
[WhiteElo "1828"]
[BlackElo "1920"]
[WhiteTeam "Storm of Dragons"]
[BlackTeam "Egypt"]
[WhiteFideId "13711555"]
[BlackFideId "10615709"]
[EventDate "2024.08.02"]

1. d4 d5 2. c4 c6 3. cxd5 cxd5 4. Bf4 Nc6 5. Nc3 a6 6. e3 Nf6 7. Bd3 e6 8. Nge2
Bd6 9. O-O O-O 10. Rc1 Bxf4 11. Nxf4 Bd7 12. Nh5 b5 13. Bb1 g6 14. Nxf6+ Qxf6
15. Ne2 Rfc8 16. Qd2 Qd8 17. Nf4 Na5 18. b3 Nb7 19. g3 Rxc1 20. Rxc1 Rc8 21. h4
Rxc1+ 22. Qxc1 Qc8 23. Qxc8+ Bxc8 24. g4 Nd6 25. b4 Nc4 26. Kg2 Nd6 27. g5 Kf8
28. h5 Ke7 29. Kg3 Bb7 30. Nd3 Ne4+ 31. Kf4 Nc3 32. Bc2 Nxa2 33. h6 Bc8 34. Bb3
Nc3 35. Ne5 Bb7 36. Kf3 Ne4 37. Kf4 Nd2 38. Bc2 Nc4 39. Ng4 a5 40. bxa5 Nxa5 41.
Nf6 Kf8 42. Nxh7+ Kg8 43. Nf6+ Kh8 44. Ke5 Nc4+ 45. Kf4 Bc6 46. Ng4 Be8 47. Ne5
Na5 48. Nd3 Nc6 49. Nc5 Kh7 50. Nb7 Bd7 51. Nd6 Kg8 52. Nxb5 Nb4 53. Na3 Be8 54.
Ke5 Bc6 55. Kf6 Na6 56. h7+ Kxh7 57. Kxf7 Nc7 58. Bxg6+ Kh8 59. Kf8 e5 60. Bf7
exd4 61. exd4 1-0

[Event "FIDE World Rapid Team"]
[Site "Almaty KAZ"]
[Date "2024.08.04"]
[Round "12.13"]
[White "Kozganbay, Erkin"]
[Black "von Gleich, Alexander"]
[Result "1-0"]
[WhiteTitle "FM"]
[BlackTitle "FM"]
[WhiteElo "2293"]
[BlackElo "2214"]
[WhiteTeam "Chess Ratel"]
[BlackTeam "Chess Dream"]
[WhiteFideId "13703773"]
[BlackFideId "4603869"]
[EventDate "2024.08.02"]

1. Nf3 d5 2. g3 Nf6 3. Bg2 e6 4. c4 Be7 5. O-O O-O 6. b3 b6 7. Bb2 Bb7 8. e3
Nbd7 9. Nc3 a5 10. d3 Nc5 11. Ne5 a4 12. Qc2 a3 13. Bc1 dxc4 14. bxc4 Bxg2 15.
Kxg2 Qc8 16. d4 Qb7+ 17. f3 Ncd7 18. Nxd7 Nxd7 19. e4 c6 20. Be3 Qa6 21. Qb3
Rfc8 22. f4 b5 23. c5 b4 24. Nd1 Nf6 25. Nf2 h5 26. h3 Ne8 27. Nd3 Rab8 28. f5
exf5 29. Rxf5 Nf6 30. Ne5 Rf8 31. Raf1 Kh7 32. Nxf7 Rxf7 33. Qxf7 Qe2+ 34. R1f2
Qxe3 35. e5 Qe4+ 36. Kh2 h4 37. exf6 hxg3+ 38. Kxg3 Qe3+ 39. Kh2 1-0

[Event "FIDE World Rapid Team"]
[Site "Almaty KAZ"]
[Date "2024.08.04"]
[Round "12.14"]
[White "Bulatov, Ramil"]
[Black "Kassimov, Baurzhan"]
[Result "0-1"]
[BlackTitle "IM"]
[WhiteElo "2137"]
[BlackElo "2260"]
[WhiteTeam "Chess Dream"]
[BlackTeam "Chess Ratel"]
[WhiteFideId "4166140"]
[BlackFideId "13704800"]
[EventDate "2024.08.02"]

1. d4 Nf6 2. Nf3 g6 3. Bg5 Bg7 4. Nbd2 O-O 5. c3 d6 6. e4 Nc6 7. d5 Nb8 8. Bc4
c6 9. dxc6 Nxc6 10. O-O Bg4 11. Re1 Rc8 12. h3 Bd7 13. a4 Qb6 14. Qb1 a6 15. Qa2
h6 16. a5 Qc7 17. Be3 e6 18. Bb6 Qb8 19. Rad1 Nh5 20. Bf1 Ne7 21. Qa3 Bb5 22.
Bxb5 axb5 23. Nb3 Nc6 24. Qxd6 b4 25. Qxb8 Rxb8 26. e5 bxc3 27. bxc3 Nf4 28. c4
g5 29. Nc5 Rfc8 30. Ra1 Ng6 31. Nd7 Ra8 32. Ra4 Nf4 33. Rea1 Nd3 34. Be3 Ndxe5
35. Nfxe5 Bxe5 36. Nxe5 Nxe5 37. c5 Nd7 38. Rc4 Rc7 39. Rb1 Rxa5 40. Rxb7 Rxb7
41. c6 Rc7 42. cxd7 Rxd7 43. h4 Kg7 44. hxg5 hxg5 45. Rg4 Kf6 46. Bd4+ Kf5 47.
f3 Ra4 0-1